Účtovná závierka v sústave podvojného účtovníctva

Účtovná závierka - predstavuje zosumarizovanie bežných účtovných zápisov k poslednému dňu účtovného obdobia (riadna účtovná závierka). V rámci účtovnej závierky sa zisťuje hospodársky výsledok a zostavuje sa súvaha (bilancia). Obsah a forma riadnej účtovnej závierky v sústave podvojného účtovníctva.

Na minha lista:
Detalhes bibliográficos
Autor principal: Bača, J.
Formato: Capítulo de Livro
Idioma:eslovaco
Assuntos:
Tags: Adicionar Tag
Sem tags, seja o primeiro a adicionar uma tag!

MARC

LEADER 00000naa a2200000 4500
001 r014370
005 20221205075459.8
041 0 |a slo 
044 |a SK 
245 1 0 |a Účtovná závierka v sústave podvojného účtovníctva  |c J. Bača 
520 |a Účtovná závierka - predstavuje zosumarizovanie bežných účtovných zápisov k poslednému dňu účtovného obdobia (riadna účtovná závierka). V rámci účtovnej závierky sa zisťuje hospodársky výsledok a zostavuje sa súvaha (bilancia). Obsah a forma riadnej účtovnej závierky v sústave podvojného účtovníctva. 
610 2 0 |a uzávierka účtovná 
610 2 0 |a účtovníctvo podvojné 
100 1 |a Bača, J.